| 000 | 00000nam##2200000za#4500 |
| 001 | 9.652881 |
| 003 | CaOODSP |
| 005 | 20200330131018 |
| 007 | ta |
| 008 | 150407|1991||||xxc||||| f|0| 0 eng|d |
| 020 | |a0-662-58266-7 |
| 040 | |aCaOODSP|beng |
| 041 | |aeng |
| 041 | |afre |
| 043 | |an-cn--- |
| 086 | 1 |aH42-2/51-1991 |
| 110 | 1 |aCanada.|bHealth and Welfare Canada. |bHealth Protection Branch. |
| 245 | 10|aAnti-retroviral treatment: side effect management / |cby Anita Rachlis. |
| 260 | |aOttawa - Ontario : |bHealth and Welfare Canada. |c1991. |
| 300 | |aEnglish text, 20p. : |breferences ; |c28 cm. |
| 546 | |aBilingual |
| 563 | |aSoftcover |
| 590 | |a92-02|b1992-01-10 |
| 690 | 07|aHealth protection|2gcpds |
| 720 | 1 |aRachlis, Anita |
| 776 | 0#|tTraitement des effets secondaires de la thérapeutique antirétrovirale : |w(CaOODSP)9.639928 |
| 776 | 0#|tAnti-retroviral treatment : |w(CaOODSP)9.695831 |
| 792 | |tTraitement des effets secondaires de la thérapeutique antirétrovirale / |efre|w(CaOODSP)9.652882 |
| 986 | |aDD-91-4 |